LEADER 00872nam a2200217 i 4500 001 000000256366 003 CaOOAMICUS 005 20171123000000.0 008 171123s1768 it u000 u ita u 013 $a235274 026 $agao, o.l- hee- prre (3) 1768 (R) 040 $aSeMil$bita 245 10$aDecina terza. 300 $a[8], 157, [3] p. 500 $aDedicato a Francesco de' Conti de Onigo. - Segn.: pg4 A-I8 K8. - Lascito Card. C.M. Martini. 773 0 $tOrazioni sacre composte, e recitate in varie occasioni dal padre f. Bernardo di Venezia ... . Decina 1. [-3.].$dIn Trevigi : Presso Giulio Trento, 1767-1768.$g3$w()18543 850 $aSeMil 852 $aSeMil$W1$xVenegono$y1$m2D II 140 FA$j206712$B206712$CSeMilBibl$Z2$F220134 $8I 941 1 $a4 961 $aLascito: Martini Card. Carlo Maria 996 $6245$aDecina terza$9(OLS)http://semarc/title/412229 LEADER 00972nam a2200217 i 4500 001 000000235244 003 CaOOAMICUS 005 20230517145525.0 008 141031s1858 it u000 u ita u 040 $aSeMil$bita 100 1 $aWiseman, Nicholas Patrick,$d<1802-1865>.$0(OLS)http://semarc/name/12418 245 13$aLe parabole, i miracoli e gli Atti del Nuovo Testamento /$cdel cardinale Nicola Wiseman. 250 $a1. versione. 260 $aMilano :$bPresso l'Editore,$c1858$f(Tip. Guglielmini) 300 $a364 p. ;$c18 cm. 650 4$aBibbia. Nuovo Testamento - Commentari, studi, critica, interpretazioni.$0(OLS)http://semarc/subject/184 850 $aSeMil 852 $aSeMil$W1$xVenegono$y1$m3C I 31 FA$j185590$B185590$CSeMilBibl$Z2$F196493 $8I 996 $6245$aLe parabole, i miracoli e gli Atti del Nuovo Testamento$9(OLS)http://semarc/title/335461 996 $6260$aMilano :$bPresso l'Editore$9(OLS)http://semarc/publisher/54128